<?xml version="1.0" encoding="UTF-8"?>
<marc:record xmlns:marc="http://www.loc.gov/MARC21/slim">
   <marc:leader>00000nam a2200000 a 4500</marc:leader>
   <marc:datafield ind1="1" ind2=" " tag="100">
      <marc:subfield code="a">Pluhar, Erika</marc:subfield>
      <marc:subfield code="4">aut</marc:subfield>
      <marc:subfield code="e">Verfasser/-in</marc:subfield>
   </marc:datafield>
   <marc:datafield ind1="0" ind2="0" tag="245">
      <marc:subfield code="a">Spätes Tagebuch</marc:subfield>
   </marc:datafield>
   <marc:datafield ind1="0" ind2="0" tag="245">
      <marc:subfield code="b">Roman</marc:subfield>
   </marc:datafield>
   <marc:datafield ind1=" " ind2="1" tag="264">
      <marc:subfield code="b">Residenz-Verl.</marc:subfield>
      <marc:subfield code="c">2010</marc:subfield>
   </marc:datafield>
   <marc:datafield ind1="1" ind2=" " tag="520">
      <marc:subfield code="a">Paulina kann auf ein bewegtes Leben zurückblicken. Als ihr Mann bei einem Autounfall ums Leben kommt und sie kurz darauf ihre Tochter verliert, zieht Paulina sich aus dem aktiven Leben zurück. Im Alter von 70 Jahren beschließt sie Chronistin ihrer Gegenwart zu werden, Alltäglichkeiten zu notieren und sich der Zukunftslosigkeit des Alters zu stellen. Doch die Gedanken an die Vergangenheit lassen sich nicht verdrängen...</marc:subfield>
   </marc:datafield>
   <marc:datafield ind1=" " ind2=" " tag="020">
      <marc:subfield code="a">9783701715374</marc:subfield>
      <marc:subfield code="9">9783701715374</marc:subfield>
   </marc:datafield>
</marc:record>
